Sports Quiz

Random Sports or World Quiz

FIFA World Cup 2010 Goal Scorers Quiz Stats

 Plays Quiz not verified by Sporcle

Challenge
Share
Tweet
Embed
Score 0/159 Timer 15:00
0 Plays Today
% Correct
Miroslav Klose
93.2%
Miroslav Klose
93.2%
Miroslav Klose
93.2%
Miroslav Klose
93.2%
Andrés Iniesta
93%
Andrés Iniesta
92.5%
David Villa
92.1%
David Villa
92.1%
David Villa
92.1%
David Villa
92.1%
David Villa
92.1%
Thomas Müller
91.4%
Thomas Müller
91.4%
Thomas Müller
91.4%
Thomas Müller
91.4%
Thomas Müller
91.4%
Diego Forlán
91.1%
Diego Forlán (pen.)
91.1%
Diego Forlán
91.1%
Diego Forlán
91.1%
Diego Forlán
91.1%
Diego Forlán
91.1%
Cristiano Ronaldo
90.9%
Steven Gerrard
90%
Wesley Sneijder
89.5%
Wesley Sneijder
89.5%
Wesley Sneijder
89.5%
Wesley Sneijder
89.5%
Luis Alberto Suárez
88.6%
Luis Alberto Suárez
88.6%
Luis Alberto Suárez
88.6%
Clint Dempsey
87.9%
Asamoah Gyan (pen.)
87.1%
Asamoah Gyan (pen.)
87.1%
Asamoah Gyan
87.1%
Asamoah Gyan
87.1%
Landon Donovan
86.2%
Landon Donovan
86.2%
Landon Donovan (pen.)
86.2%
Didier Drogba
83.4%
Robin van Persie
83.2%
Park Ji-Sung
82.9%
Javier Hernández
82.9%
Javier Hernández
82.9%
Gonzalo Higuaín
82.5%
Gonzalo Higuaín
82.5%
Gonzalo Higuaín
82.5%
Gonzalo Higuaín
82.5%
Keisuke Honda
82.2%
Park Chu-Young (o.g.)
82.2%
Keisuke Honda
82.2%
Keisuke Honda
82.2%
Arjen Robben
82%
% Correct
Arjen Robben
82%
Park Chu-Young
81.8%
Lukas Podolski
81.5%
Lukas Podolski
81.5%
Mesut Özil
81.1%
Samuel Eto'o
80.4%
Samuel Eto'o (pen.)
80.4%
Carlos Tévez
78.3%
Carlos Tévez
78.3%
Siphiwe Tshabalala
77.1%
Luís Fabiano
76.4%
Luís Fabiano
76.4%
Luís Fabiano
76.4%
Carles Puyol
75.5%
Robinho
73.6%
Robinho
73.6%
Giovanni van Bronckhorst
72%
Maicon
70.3%
Dirk Kuyt
68%
Jermain Defoe
67.5%
Rafael Márquez
65.4%
Tim Cahill
64.3%
Edinson Cavani
63.6%
Nicklas Bendtner
63.3%
Róbert Vittek
61.9%
Róbert Vittek
61.9%
Róbert Vittek
61.9%
Róbert Vittek (pen.)
61.9%
Sami Khedira
59.8%
Klaas-Jan Huntelaar
59.6%
Gabriel Heinze
58.4%
Daniele De Rossi
58.4%
Yaya Touré
58.4%
Matthew Upson
58.2%
Lee Jung-Soo
57.9%
Lee Chung-Yong
57.9%
Lee Jung-Soo
57.9%
Lee Chung-Yong
57.9%
Gelson Fernandes
57.5%
Kevin-Prince Boateng
56.3%
Salomon Kalou
54.7%
Elano
54.2%
Michael Bradley
54.2%
Elano
54.2%
Florent Malouda
53.7%
Maximiliano Pereira
52.6%
Álvaro Pereira
52.3%
Raúl Meireles
52.3%
Juan
51.6%
Cacau
50.2%
Cuauhtémoc Blanco (pen.)
49.3%
Jon Dahl Tomasson
48.6%
Sulley Muntari
47.9%
% Correct
Tiago
47.4%
Tiago
47.4%
Fabio Quagliarella
47%
Dennis Rommedahl
46.7%
Felipe Melo (o.g.)
44.4%
Robert Koren
43.9%
Hugo Almeida
43.2%
Winston Reid
42.8%
Antonio Di Natale
42.5%
Arne Friedrich
42.3%
Daniel Agger (o.g.)
42.1%
Simão
42.1%
Yasuhito Endo
41.4%
Yasuhito Endō
41.4%
Vincenzo Iaquinta (pen.)
39.7%
Jean Beausejour
39.3%
Shane Smeltz
38.8%
Yakubu (pen.)
38.1%
Milan Jovanović
37.9%
Brett Holman
36.9%
Brett Holman
36.9%
Shinji Okazaki
36.4%
Kalu Uche
36.2%
Valter Birsa
36.2%
Kalu Uche
36.2%
Dimitris Salpigidis
35.3%
Liédson
34.8%
Katlego Mphela
34.8%
Antolín Alcaraz
34.6%
Mark González
34.3%
Martín Demichelis
34.1%
Martín Palermo
34.1%
Sebastián Abreu
32.9%
Ji Yun-Nam
32.2%
Óscar Cardozo
30.6%
Vasilis Torosidis
30.1%
Marcell Jansen
29.2%
Marko Pantelić
28.5%
Cristian Riveros
24.8%
Romaric
24.8%
Cristian Riveros
24.8%
Stephen Appiah
24.1%
Lucas Barrios
23.8%
Bongani Khumalo
23.1%
Enrique Vera
22.4%
Nelson Haedo Valdez
22.4%
Rodrigo Millar
20.1%
Zlatan Ljubijankič
19.4%
Kamil Kopúnek
18.5%
Makoto Hasebe
17.8%
Andrés Scotti
12.4%
Mauricio Victorino
11.7%
Édgar Barreto
9.8%

You're not logged in!

Compare scores with friends on all Sporcle quizzes.
Join for Free
OR
Log In

You Might Also Like...

Show Comments

Extras

Top Quizzes Today


Score Distribution

Your Account Isn't Verified!

In order to create a playlist on Sporcle, you need to verify the email address you used during registration. Go to your Sporcle Settings to finish the process.

Report this User

Report this user for behavior that violates our Community Guidelines.

Details: